Mitchell's Elementary Building Construction (Record no. 17746)

MARC details
000 -LEADER
fixed length control field 00432nam a2200157Ia 4500
008 - FIXED-LENGTH DATA ELEMENTS--GENERAL INFORMATION
fixed length control field 220803s9999 xx 000 0 und d
041 ## - LANGUAGE CODE
Language code of text/sound track or separate title eng
082 ## - DEWEY DECIMAL CLASSIFICATION NUMBER
Classification number 690 MOX/NIE
100 ## - MAIN ENTRY--PERSONAL NAME
Personal name Moxley R
9 (RLIN) 27864
245 ## - TITLE STATEMENT
Title Mitchell's Elementary Building Construction
250 ## - EDITION STATEMENT
Edition statement 23rd
260 ## - PUBLICATION, DISTRIBUTION, ETC. (IMPRINT)
Place of publication, distribution, etc. London
Name of publisher, distributor, etc. B T Batsford Ltd--
Date of publication, distribution, etc. 1959
300 ## - PHYSICAL DESCRIPTION
Extent 383p
650 ## - SUBJECT ADDED ENTRY--TOPICAL TERM
Topical term or geographic name as entry element Building Technology
9 (RLIN) 27865
700 ## - ADDED ENTRY--PERSONAL NAME
Personal name Moxley R Rev. Nield D Ed.
9 (RLIN) 27866
Holdings
Withdrawn status Lost status Damaged status Not for loan Home library Current library Shelving location Date acquired Vendor Total Checkouts Full call number Barcode Date last seen Date last checked out Bill Date Koha item type Original Barcode
        Dr. Bhanuben Nanavati College of Architecture Dr. Bhanuben Nanavati College of Architecture   01/09/2009 NULL 1 690 MOX/NIE BNCA-DB-212 08/04/2024 08/04/2024 03/08/2022 Donated Book DB000212
        Dr. Bhanuben Nanavati College of Architecture Dr. Bhanuben Nanavati College of Architecture   01/01/1900 NULL 1 690 MOX/NIE BNCA-DB-213 22/04/2024 22/04/2024 03/08/2022 Donated Book DB000213
      Reference Dr. Bhanuben Nanavati College of Architecture Dr. Bhanuben Nanavati College of Architecture   26/07/2012 Supanekar S R   690 NIE/MOX BNCA-DB-783 03/08/2022   03/08/2022 Donated Book DB000783